000 00385cam a22001217a 4500
008 180718b1968 xxu||||| |||| 00| 0 eng d
082 _aP04x54 In2$
100 _aPandit, H.N.
245 _aStudy in unit costs at chool stage in India
_cby H.N. Pandit
260 _aNew Delhi
_bNational Intitute OF Education
_c1968
300 _aiv, 62p
700 _aDepartment of Foundations of Education
999 _c495340
_d495340